000 00442nam a2200169Ia 4500
005 20250508155326.0
008 008 250505s9999 xx 000 0 eng d
037 _aTextual
040 _aFEDL
_beng
_cFEDL
041 _aeng
_2eng
084 _a371.2, BEA
_qFEDL
100 _aBeach Fred F
_9766865
245 0 _aState and nonpublic schools
300 _avii,152p.
942 _cTEXL
_h371.2, BEA
999 _c1356069
_d1356069